Music Quiz

Random Music or Kpop Quiz
Score 0/81 Timer 18:00
0 Plays Today
Hint Song Kpop Group % Correct
FancyTWICE
96%
TempoEXO
95.6%
WhistleBLACKPINK
95.2%
PsychoRED VELVET
95.2%
OnBTS
94.8%
Not ShyITZY
94.4%
La Vie en RoseIZ*ONE
94%
HipMAMAMOO
94%
Kick ItNCT 127
93.7%
Make a Wish (Birthday Song)NCT U
93.3%
Left & RightSEVENTEEN
92.5%
Any SongZICO
91.7%
Killing MeIKON
91.7%
Back DoorSTRAY KIDS
91.3%
You Calling My NameGOT7
90.9%
Lion HeartGIRLS GENERATION
90.1%
ViewSHINEE
90.1%
Like a CatAOA
90.1%
I'm So SickAPINK
89.7%
We Go UpNCT DREAM
89.7%
ValkyrieONEUS
88.9%
AppleGFRIEND
88.9%
Black SuitSUPER JUNIOR
88.9%
Chained UpVIXX
88.9%
Bomb BombKARD
88.9%
Lion(G)I-DLE
88.5%
Tiger InsideSUPERM
88.1%
Hint Song Kpop Group % Correct
ZombieDAY6
87.7%
BluemingIU
86.9%
So WhatLOONA
86.9%
FantasiaMONSTA X
86.5%
Blue HourTXT
85.3%
My House2PM
84.5%
ScreamDREAMCATCHER
84.5%
Roly-PolyT-ARA
84.1%
CactusA.C.E
84.1%
HushMISS A
83.3%
NonStopOH MY GIRL
82.9%
RooftopNFLYING
82.5%
Love BombFROMIS_9
82.1%
Love TalkWAYV
82.1%
Blue FlameASTRO
82.1%
Bet BetNU'EST
81.7%
ThanxxATEEZ
81.7%
NoirSUNMI
81%
MeCLC
81%
Dazzle DazzleWEKI MEKI
80.2%
Ah-ChooLOVELYZ
79.4%
RevealTHE BOYZ
77%
ToyBLOCK B
77%
Roll DeepHYUNA
77%
Good GuySF9
77%
DallyHYOLYN
76.2%
Spring BreezeWANNAONE
75.8%
Hint Song Kpop Group % Correct
The BootsGUGUDAN
75.8%
Room ShakerAILEE
75%
WannabeGOLDEN CHILD
75%
Bae BaeBIGBANG
74.2%
We LikePRISTIN
73.8%
L.I.EEXID
73%
The ChaserINFINITE
71%
IslandWINNER
70.2%
Hands UpCHERRY BULLET
65.1%
HoneymoonB.A.P
64.7%
No OneLEE HI
63.5%
LalalilalaAPRIL
62.7%
I Like ThatSISTAR
61.9%
Missing YouBTOB
61.9%
I'll be yoursGIRL'S DAY
59.9%
SorryTHE ROSE
58.7%
GirlsNATURE
55.6%
Ugly2NE1
54.8%
RegulusONEWE
52%
HonestlyERIC NAM
44.8%
SomeBOL4
42.5%
So BadSTAYC
41.3%
SirenP1HARMONY
33.7%
WhyONF
32.1%
G.G.BBLING BLING
22.2%
VJAY PARK
20.2%
TequilaGOLDEN
11.9%
Remove Ads.
Support Sporcle.
Get the best of Sporcle when you Go Orange. This ad-free experience offers more features, more stats, and more fun while also helping to support Sporcle. Thank you for becoming a member.

You're not logged in!

Compare scores with friends on all Sporcle quizzes.
OR
Log In

Show Comments

Extras

Top Quizzes Today


Score Distribution

Your Account Isn't Verified!

In order to create a playlist on Sporcle, you need to verify the email address you used during registration. Go to your Sporcle Settings to finish the process.

Report this User

Report this user for behavior that violates our Community Guidelines.

Details: